000 00325nam a2200133Ia 4500
008 190722s9999 xx 000 0 und d
020 _a978-0-470-16969-8
100 _aJack M.Kaplan
245 0 _aPatterns of Entrepreneurship Management
250 _a3rd
260 _aUSA
_bJohn Wiley
_c2010
300 _a418
942 _cBK
999 _c966
_d966